000 00652nam a2200241Ia 4500
003 LK-CoDNM
005 20240429125022.0
008 010623t1953 xxu||||| |||| 00| 1 Pali d
040 _aLK-CoDNM
_dLK-CoDNM
_eLK-CoDNM
041 _aPali
_asin
080 _aජ112
100 _aSilva,S.H.N
245 _aඵළු අත්තනගළු වංශය-චීදාගම
246 _aElu Attanagalu Wansaya : Veedaagama
260 _bH.G.Amaradasa
_aGalle
_c1953
300 _bXII,180P.,20 cm
650 _aFor A/L Exam
650 _aGalwal Rata
650 _aGotaabhaya
650 _aRakthaakshi
650 _aSirisangabo
942 _cBK
999 _c103182
_d103182